<?xml version="1.0" encoding="UTF-8"?>
<record
    xmlns:xsi="http://www.w3.org/2001/XMLSchema-instance"
    xsi:schemaLocation="http://www.loc.gov/MARC21/slim http://www.loc.gov/standards/marcxml/schema/MARC21slim.xsd"
    xmlns="http://www.loc.gov/MARC21/slim">

  <leader>00669nam a22001937a 4500</leader>
  <datafield tag="999" ind1=" " ind2=" ">
    <subfield code="c">168736</subfield>
    <subfield code="d">168736</subfield>
  </datafield>
  <controlfield tag="005">20191023111452.0</controlfield>
  <datafield tag="010" ind1=" " ind2=" ">
    <subfield code="a">UR-10548</subfield>
  </datafield>
  <datafield tag="020" ind1=" " ind2=" ">
    <subfield code="c">115.00</subfield>
    <subfield code="a">8180883507</subfield>
  </datafield>
  <datafield tag="035" ind1=" " ind2=" ">
    <subfield code="a">U-9103</subfield>
  </datafield>
  <datafield tag="037" ind1=" " ind2=" ">
    <subfield code="b">DBAD/PUB</subfield>
    <subfield code="a">-</subfield>
  </datafield>
  <datafield tag="082" ind1=" " ind2=" ">
    <subfield code="a">270</subfield>
  </datafield>
  <datafield tag="100" ind1=" " ind2=" ">
    <subfield code="a">&#x645;&#x62D;&#x645;&#x62F; &#x64A;&#x648; &#x633;&#x641; &#x627; &#x635;&#x644;&#x627; &#x62D;&#x6CC; </subfield>
  </datafield>
  <datafield tag="245" ind1=" " ind2=" ">
    <subfield code="a">&#x622; &#x62F; &#x627; &#x628; &#x632; &#x646;&#x62F; &#x6AF;&#x6CC; </subfield>
    <subfield code="c">&#x645;&#x62D;&#x645;&#x62F; &#x64A;&#x648; &#x633;&#x641; &#x627; &#x635;&#x644;&#x627; &#x62D;&#x6CC; </subfield>
  </datafield>
  <datafield tag="246" ind1=" " ind2=" ">
    <subfield code="b">Aadabe Zindagi   (Urdu)</subfield>
    <subfield code="a">by Mohd.Yusuf Islahi </subfield>
  </datafield>
  <datafield tag="260" ind1=" " ind2=" ">
    <subfield code="a">N.Delhi</subfield>
    <subfield code="b">Merkazi Maktaba Islami Publishers</subfield>
    <subfield code="c">2016 &#x621;</subfield>
  </datafield>
  <datafield tag="270" ind1=" " ind2=" ">
    <subfield code="a">D-307,Dawat Nagar,Abulfazal Enclave, Jamia Nagar,</subfield>
    <subfield code="b">N.Delhi</subfield>
    <subfield code="e">110025</subfield>
    <subfield code="k">26981652</subfield>
    <subfield code="l">-</subfield>
  </datafield>
  <datafield tag="300" ind1=" " ind2=" ">
    <subfield code="a">368 &#x635; </subfield>
    <subfield code="c">22 Cm(Hb)</subfield>
  </datafield>
  <datafield tag="942" ind1=" " ind2=" ">
    <subfield code="2">ddc</subfield>
    <subfield code="c">UR</subfield>
    <subfield code="h">270</subfield>
    <subfield code="m">&#x645; &#x62D; &#x645; </subfield>
  </datafield>
  <datafield tag="952" ind1=" " ind2=" ">
    <subfield code="0">0</subfield>
    <subfield code="1">0</subfield>
    <subfield code="4">0</subfield>
    <subfield code="7">1</subfield>
    <subfield code="8">NFIC</subfield>
    <subfield code="a">DBAD</subfield>
    <subfield code="b">DBAD</subfield>
    <subfield code="d">2019-10-23</subfield>
    <subfield code="e">DBAD/PUB</subfield>
    <subfield code="g">115.00</subfield>
    <subfield code="l">0</subfield>
    <subfield code="o">270 &#x645; &#x62D; &#x645;</subfield>
    <subfield code="p">U-9103</subfield>
    <subfield code="r">2019-10-23 00:00:00</subfield>
    <subfield code="t">1</subfield>
    <subfield code="v">115.00</subfield>
    <subfield code="w">2019-10-23</subfield>
    <subfield code="y">UR</subfield>
  </datafield>
</record>
